|
|
|
|
| LEADER |
00000nam0a2200000 4500 |
| 001 |
152785 |
| 005 |
20231101221639.0 |
| 035 |
|
|
|a (RuTPU)RU\TPU\book\165649
|
| 090 |
|
|
|a 152785
|
| 100 |
|
|
|a 20090205d2009 k y0rusy50 ca
|
| 101 |
0 |
|
|a rus
|
| 102 |
|
|
|a RU
|
| 105 |
|
|
|a a dm 001zy
|
| 200 |
1 |
|
|a Высокоселективные газожидкостные химические процессы с большим тепловым эффектом и их аппаратурное оформление
|e автореферат диссертации на соискание ученой степени доктора технических наук
|e спец. 05.17.08
|f А. В. Бальчугов
|g Ангарская государственная техническая академия (АГТА) ; Ангарская нефтехимическая компания
|
| 210 |
|
|
|a Томск
|c [Б. и.]
|d 2009
|
| 215 |
|
|
|a 39 с.
|c ил.
|
| 300 |
|
|
|a Защита сост. 27.01.2009 г.
|
| 320 |
|
|
|a Библиогр.: с. 35-39 (44 назв.).
|
| 606 |
1 |
|
|a Газожидкостные процессы
|2 stltpush
|3 (RuTPU)RU\TPU\subj\31742
|9 54515
|
| 610 |
1 |
|
|a этилен
|
| 610 |
1 |
|
|a жидкофазное хлорирование
|
| 610 |
1 |
|
|a тепловой эффект
|
| 610 |
1 |
|
|a химические процессы
|
| 610 |
1 |
|
|a системный анализ
|
| 610 |
1 |
|
|a химизм
|
| 610 |
1 |
|
|a селективность
|
| 610 |
1 |
|
|a термодинамический анализ
|
| 610 |
1 |
|
|a газожидкостные реакторы
|
| 610 |
1 |
|
|a гидродинамика
|
| 610 |
1 |
|
|a капиллярная конвекция
|
| 610 |
1 |
|
|a термогравитационная конвекция
|
| 610 |
1 |
|
|a газлифтные реакторы
|
| 610 |
1 |
|
|a жидкость
|
| 610 |
1 |
|
|a циркуляция
|
| 610 |
1 |
|
|a стабилизация
|
| 610 |
1 |
|
|a высокотемпературные реакторы
|
| 610 |
1 |
|
|a оптимизация
|
| 610 |
1 |
|
|a авторефераты диссертаций
|
| 675 |
|
|
|a 66.08(04)
|v 3
|
| 686 |
|
|
|a 05.17.08
|2 oksvnk
|
| 700 |
|
1 |
|a Бальчугов
|b А. В.
|g Алексей Валерьевич
|
| 712 |
0 |
2 |
|a Ангарская государственная техническая академия (АГТА)
|2 stltpush
|3 (RuTPU)RU\TPU\col\1862
|
| 712 |
0 |
2 |
|a Ангарская нефтехимическая компания
|2 stltpush
|3 (RuTPU)RU\TPU\col\14009
|9 25855
|
| 801 |
|
1 |
|a RU
|b 63413507
|c 20090205
|g PSBO
|
| 801 |
|
2 |
|a RU
|b 63413507
|c 20090213
|g PSBO
|
| 942 |
|
|
|c BK
|